000 01048 a2200253 4500
003 dpl
005 20090302130955.0
008 090302t xxu||||| |||| 00| 0 eng d
010 _aB-317495
020 _c320.00
035 _aB-317495
037 _bD.B.Act / Pub
040 _aDPL
_cDPL
082 _a657.42
100 _aMaheshwari, S. N.
245 _aCost accounting:
_cby S. N. Maheshwari and S. N. MIttal
_btheory and problems [for B.Com. M.com, C.A., M.B.A., C.S. & I.C.W.A. students]/
250 _a22nd rev. ed.
260 _aDelhi
_bShree Mahavir Book Depot (Publishers)
_c2007
270 _a2603, Nai Sarak
_bDelhi
_e110006
_k011-23262993, 011-27430823
_l011-23270792
_mmahavirpublications@hotmail.com
300 _avi, 894, 210 p.
_c24 cm. (Pbk)
700 _aMittal, S. N.
942 _adpl
_cEN
_k657.42 / MAH
_2ddc
_h657.42
_mMAH
999 _c24572
_d24572